Der dreieinige Gott und die Gemeinschaft der Menschen
Gespeichert in:
| 1. Verfasser: | |
|---|---|
| Format: | Buch |
| Sprache: | Deutsch |
| Veröffentlicht: |
Mainz
Matthias-Grünewald
1990
|
| Ausgabe: | 1a. ed |
| Schlagworte: | |
| Tags: |
Tag hinzufügen
Keine Tags, Fügen Sie den ersten Tag hinzu!
|
MARC
| LEADER | 00000cam a2200000 a 4500 | ||
|---|---|---|---|
| 001 | UCE8166 | ||
| 003 | CL-VaPUC | ||
| 008 | 150728e19900000gw |||||||||||||||||ger|d | ||
| 020 | |a 3786714762 | ||
| 082 | 0 | 4 | |a 231.044 |b HIL |2 21 |
| 100 | |a Hilberath, Bernd Jochen |e author |9 580685 | ||
| 245 | 1 | 4 | |a Der dreieinige Gott und die Gemeinschaft der Menschen |
| 250 | |a 1a. ed | ||
| 300 | |a 117 p | ||
| 942 | |c BK | ||
| 945 | |d 20150728 02:04:00 |a gsalatino | ||
| 260 | |a Mainz |b Matthias-Grünewald |c 1990 | ||
| 600 | 0 | |a Dios |9 314467 | |
| 650 | 0 | |a Teología |9 258766 | |
| 650 | 0 | |a Cristianismo |9 257361 | |
| 650 | 7 | |a HOMBRE |2 CL-VaPUC |9 262149 | |
| 583 | |a last modification |c 20150728 02:04:00 |k Rodrigo Vera | ||
| 999 | |c 360105 |d 360103 | ||
| 952 | |0 0 |1 0 |3 erb |4 0 |6 231_044000000000000_HIL_1990 |7 0 |8 A |9 469747 |a BIBTEO |b BIBTEO |e Casale Rolle, Carlos Ignacio, -2014 |i 5183723 |o 231.044 HIL 1990 |p 5183723 |r 2025-01-17 |w 2019-11-23 |y BK |z Catalogado en:20150728 |k ICR | ||